Herbicídne prostriedky obsahujúce 4-benzoylizoxazolový derivát a trianzinový herbicíd a spôsob potláčania rastu burín. A01N 43/80

Bibliographic Details
Main Author: Gamblin, Alan (Author)
Format: Book
Language:Undetermined
PhysicalDescription:17 s.
Published: Banská Bystrica Úrad priemyselného vlastníctva SR 2001

MARC

LEADER 00000nam a2200000 a 4500
001 vtls001435586
003 SK-MaSNL
005 20260301202833.0
008 240314s2001 xo 0 und
035 |a SNK000390676 
040 |a SNK  |b slo  |c SNK  |e AACR2 
044 |a xo  |c SK 
100 1 |a Gamblin, Alan  |4 aut  |9 585476 
245 1 0 |a Herbicídne prostriedky obsahujúce 4-benzoylizoxazolový derivát a trianzinový herbicíd a spôsob potláčania rastu burín. A01N 43/80 
260 |a Banská Bystrica  |b Úrad priemyselného vlastníctva SR  |c 2001 
300 |a 17 s. 
999 |c 900366  |d 902296 
952 |t P60, <04>, [BOOK], {604}  |a SNK  |b SNK  |y VYP  |7 0  |p 17A0345958  |o snkSK 282251  |i snkPS 289/2002  |0 0  |1 0  |4 0  |d 2002-06-04  |l 0  |r 2005-01-02 00:00:00  |w 2026-02-24